000 01757nam a2200313 a 4500
001 BRCA_2365
005 20190320203757.0
008 061108s1968----sp-#---###---#000-0#spa-u
041 _aspa
044 _asp
084 _a006
_b.H57
_c1968 F1605
100 1 _aCervantes Saavedra, Miguel de
_d1547-1616
_9213
245 1 0 _aDon Quijote de la Mancha
_cMiguel de Cervantes.
260 _aPalma de Mallorca (España)
_bThe Hispanic Society of America : Alfaguara
_c1968
300 _a1 v. (en varias paginaciones)
_c25 cm.
500 _aContenido : Primera parte. Dedicatoria del autor al Duque de Béjar. Prólogo del autor. Versos preliminares. Texto
500 _aEdición : Facsímil de la primera impresión tomo 1, según la edición príncipe de Juan de la Cuesta, Madrid, 1605, seguida de los dos pasajes que omite
500 _aFacsímil de : El ingenioso hidalgo Don Quixote de la Mancha. Madrid: Juan de la Cuesta, 1605
500 _aFacsímil de la primera parte de la edición príncipe. Editado por The Hispanic Society of America, en Palma de Mallorca, el año de 1968. Sigue la primera edición de Cuesta y va complementada con los dos pasajes omitidos, tomados de la tercera del mismo editor. Muy buena presentación en magnífico papel y excelente elaboración. Tirada limitada; ejemplar núm. 352 Lúdovik Osterc
500 _aExistencias : Complementa al LO-032
500 _aQMR114 (?)
650 1 4 _aNovela española
_yÉpoca clásica, 1500-1700
_9215
650 1 4 _aLiteratura española
_yÉpoca clásica, 1500-1700
_9216
650 1 4 _aNovela española
_ySiglo XVII
_9217
650 1 4 _aDon Quijote (Personaje ficticio)
_eNovela
_9218
740 0 _aEl Ingenioso Hidalgo Don Quijote de la Mancha
902 _aQFM
942 _2lcc
_cB
999 _c2106
_d2106